<?xml version="1.0" encoding="UTF-8"?>
<collection xmlns="http://www.loc.gov/MARC21/slim">
 <record>
  <leader>01278nam a22002171  4500</leader>
  <controlfield tag="001">1/49543</controlfield>
  <controlfield tag="008">010228s1996    gr     j b    000 0 gre d</controlfield>
  <datafield tag="020" ind1=" " ind2=" ">
   <subfield code="a">9602325275</subfield>
  </datafield>
  <datafield tag="035" ind1=" " ind2=" ">
   <subfield code="l">327</subfield>
  </datafield>
  <datafield tag="040" ind1=" " ind2=" ">
   <subfield code="a">GR-PeUP</subfield>
  </datafield>
  <datafield tag="082" ind1="0" ind2="0">
   <subfield code="a">341.242'2 ΓΙ</subfield>
  </datafield>
  <datafield tag="100" ind1="1" ind2=" ">
   <subfield code="a">Γιαταγάνας, Ξενοφών Α.,</subfield>
   <subfield code="d">1948-</subfield>
  </datafield>
  <datafield tag="245" ind1="1" ind2="3">
   <subfield code="a">Tα κράτη μέλη της Ευρωπαϊκής Ενώσεως ενώπιον της κοινοτικής νομιμότητος :</subfield>
   <subfield code="b">Συμβολή στη νομική θεωρία της Ευρωπαϊκής ομοσπονδιώσεως /</subfield>
   <subfield code="c">Ξενοφών Α. Γιαταγάνας</subfield>
  </datafield>
  <datafield tag="260" ind1=" " ind2=" ">
   <subfield code="a">Αθήνα, Κομοτηνή :</subfield>
   <subfield code="b">Σάκκουλας,</subfield>
   <subfield code="c">1996</subfield>
  </datafield>
  <datafield tag="300" ind1=" " ind2=" ">
   <subfield code="a">120 σ. ;</subfield>
   <subfield code="c">25 εκ.</subfield>
  </datafield>
  <datafield tag="505" ind1="0" ind2=" ">
   <subfield code="a">Hμίτομος Α'. Η δικαστηριακή διάσταση</subfield>
  </datafield>
  <datafield tag="504" ind1=" " ind2=" ">
   <subfield code="a">Βιβλιογραφία: σ. 97-102.</subfield>
  </datafield>
  <datafield tag="610" ind1="2" ind2="0">
   <subfield code="a">Ευρωπαϊκή Ενωση</subfield>
   <subfield code="x">Δίκαιο και νομοθεσία.</subfield>
  </datafield>
  <datafield tag="852" ind1=" " ind2=" ">
   <subfield code="a">INST</subfield>
   <subfield code="b">UNIPILB</subfield>
   <subfield code="c">MAIN</subfield>
   <subfield code="e">20040709</subfield>
   <subfield code="h">341.242'2 ΓΙ</subfield>
   <subfield code="p">00135315</subfield>
   <subfield code="q">00135315</subfield>
   <subfield code="t">LOAN</subfield>
   <subfield code="v">τ.1:</subfield>
   <subfield code="y">0</subfield>
   <subfield code="z">τ.1</subfield>
   <subfield code="4">1</subfield>
  </datafield>
  <datafield tag="852" ind1=" " ind2=" ">
   <subfield code="a">INST</subfield>
   <subfield code="b">UNIPILB</subfield>
   <subfield code="c">MAIN</subfield>
   <subfield code="e">20040709</subfield>
   <subfield code="h">341.242'2 ΓΙ</subfield>
   <subfield code="p">00138138</subfield>
   <subfield code="q">00138138</subfield>
   <subfield code="t">LOAN</subfield>
   <subfield code="v">τ.1:</subfield>
   <subfield code="y">0</subfield>
   <subfield code="z">τ.1</subfield>
   <subfield code="4">2</subfield>
  </datafield>
  <datafield tag="852" ind1=" " ind2=" ">
   <subfield code="a">INST</subfield>
   <subfield code="b">UNIPILB</subfield>
   <subfield code="c">MAIN</subfield>
   <subfield code="e">20040709</subfield>
   <subfield code="h">341.242'2 ΓΙ</subfield>
   <subfield code="p">00138139</subfield>
   <subfield code="q">00138139</subfield>
   <subfield code="t">LOAN</subfield>
   <subfield code="v">τ.1:</subfield>
   <subfield code="y">0</subfield>
   <subfield code="z">τ.1</subfield>
   <subfield code="4">3</subfield>
  </datafield>
 </record>
</collection>
